000 00692nam a2200253Ia 4500
003 OSt
005 20220912150415.0
006 a|||||r|||| 00| 0
007 ta
008 220909b |||||||| |||| 00| 0 eng d
024 _a42620
037 _cTextual
040 _aCSL
_beng
_cCSL
041 _aeng
082 _aG:66, L63
100 _aSlobodchikoff C N Ed.
245 0 _aConcepts of species
260 _aStrovdsburg
_bDowden, Eutchinson and Ross
_c1976
300 _axv,368p.
_ccm.
490 _aBenchmark papers in systematic and evolutionary biology; 3
650 _aEvolution
942 _hG:66, L63
_cTEXL
_2CC
999 _c46894
_d46894